| 000 | 00523nam a22001937a 4500 | ||
|---|---|---|---|
| 003 | OSt | ||
| 005 | 20140310182928.0 | ||
| 008 | 130130t xxu||||| |||| 00| 0 eng d | ||
| 050 |
_a LB1578 _b.L791 1970 |
||
| 082 |
_aFIL 420.7 _bL77 1970 |
||
| 245 |
_aA Handbook for second language teaching. _cLlamzon, Teodoro A. |
||
| 260 |
_aManila _bAteneo University Press _c1970 |
||
| 300 |
_a158 p. _c23 cm |
||
| 521 | _acollege students | ||
| 526 | _c1210L-1700L | ||
| 541 | _j1 | ||
| 562 | _e1 | ||
| 942 |
_2lcc _cBK _kFIL |
||
| 999 |
_c17480 _d17480 |
||